L'indicibile variante dell'amore

Gespeichert in:
Bibliographische Detailangaben
1. Verfasser: Golding Paul
Format: Buch
Sprache:Nichtbestimmte Sprache
Veröffentlicht: Milano Tropea 1992
Tags: Tag hinzufügen
Keine Tags, Fügen Sie das erste Tag hinzu!

MARC

LEADER 00000nam a2200000Ia 4500
001 758
003 NUMERAZIONE-ORIGINALE-BRESCIA
005 20260206230754.0
008 260206s9999 xx 000 0 und d
100 |a Golding Paul 
245 0 |a L'indicibile variante dell'amore 
260 |a Milano 
260 |b Tropea 
260 |c 1992 
500 |a Le Gaggie 
500 |a Storia di un'iniziazione 
942 |2 ddc  |c BK  |n 0 
952 |0 0  |1 0  |2 ddc  |4 0  |6 24  |7 0  |9 28644  |a BS  |b BS  |d 2026-02-06  |i 758  |l 0  |o 2-4-*  |r 2026-02-06 22:40:39  |w 2026-02-06  |x [REVISIONARE]  |y BK 
999 |c 24302  |d 24302